000 00921cam a2200265 a 4500
999 _c2584
_d2584
001 2581244
003 GBCCL
005 20241126110432.0
008 960905s1997 ilu b 000 0deng
010 _a 96041251
020 _a0891079122 (alk. paper)
040 _aDLC
_cDLC
_dDLC
050 0 0 _aBT590.E8
_bC64 1997
082 0 0 _a269.2
_220
_bCOL
100 1 _aColeman, Robert E.,
_d1928-
_95423
245 1 4 _aThe Master's way of personal evangelism /
_cRobert E. Coleman.
260 _aWheaton, Ill. :
_bCrossway Books,
_cc1997.
300 _a174 p. ;
_c22 cm.
504 _aIncludes bibliographical references (p. [163]-174).
600 0 0 _aJesus Christ
_xEvangelistic methods.
_95424
650 0 _aEvangelistic work.
_9290
906 _a7
_bcbc
_corignew
_d1
_eocip
_f19
_gy-gencatlg
942 _2ddc
_cBK
_013